| 000 | 00956cam a2200217 4500 | ||
|---|---|---|---|
| 001 | WB3809-01 | ||
| 008 | 020305n2002 000 0 eng u | ||
| 035 | _a(Sirsi) u117010 | ||
| 245 | _aIndustry best prospects for a year | ||
| 260 | _c2002 | ||
| 490 |
_aWeekend Financial Times _v 2/3 March 2002, 3(1) |
||
| 520 | _aBritish industry reported its best outlook for a year on the 1 March as the US manufacturing sector bucked nearly two years of decline. The US Institute of Supply Management revealed that its purchasers' index jumped to 54.7 in February from 49.9 in January. This signalled the first time the index had climed above 50 since July 2000. Institute of Supply Management web site http://www.ism.ws/ | ||
| 590 | _aWB | ||
| 650 | _aMANUFACTURING SECTOR | ||
| 650 | _aINSTITUTE OF SUPPLY MANAGEMENT | ||
| 650 | _aUNITED STATES | ||
| 650 | _aUNITED KINGDOM | ||
| 650 | _aECONOMIC GROWTH | ||
| 690 | _aBUILT ENVIRONMENT | ||
| 942 | _n0 | ||
| 999 |
_c69700 _d69700 |
||